00350 a2200109 4500001001000000005001700010008004100027245006500068100002400133773006600157999001700223ART_1844320260410161919.0260409a 10aCoordinación de los gravámenes sobre los ingresos brutos1 aChalupowicz, Israel0 tLa informacióng- Tomo XXXIV, Nº 561 (sep. 1976)wREV14902 c27551d27551